Trigonometry (Record no. 10598)

MARC details
000 -LEADER
fixed length control field 00539cam a2200217ua 4500
001 - CONTROL NUMBER
control field 11816
005 - DATE AND TIME OF LATEST TRANSACTION
control field 20260515114813.0
008 - FIXED-LENGTH DATA ELEMENTS--GENERAL INFORMATION
fixed length control field 191109n ii |||gr||||Z||||||eng
020 ## - INTERNATIONAL STANDARD BOOK NUMBER
International Standard Book Number 9788180303289
040 ## - CATALOGING SOURCE
Transcribing agency MAIN
082 ## - DEWEY DECIMAL CLASSIFICATION NUMBER
Classification number 510
100 ## - MAIN ENTRY--PERSONAL NAME
Personal name P.K. Chaurasya,
Relator term Author.
245 ## - TITLE STATEMENT
Title Trigonometry
Statement of responsibility, etc. By P.K. Chaurasya
250 ## - EDITION STATEMENT
Edition statement 1st ed.
260 ## - PUBLICATION, DISTRIBUTION, ETC.
Place of publication, distribution, etc. New Delhi:
Name of publisher, distributor, etc. Campus books international,
Date of publication, distribution, etc. 2014.
300 ## - PHYSICAL DESCRIPTION
Extent 223p.
653 ## - INDEX TERM--UNCONTROLLED
Uncontrolled term Mathematics
653 ## - INDEX TERM--UNCONTROLLED
Uncontrolled term Trigonometry
700 ## - ADDED ENTRY--PERSONAL NAME
Personal name Akhilesh Pawar,
Relator term Author.
942 ## - ADDED ENTRY ELEMENTS (KOHA)
Koha item type Books
Holdings
Withdrawn status Lost status Damaged status Not for loan Home library Current library Shelving location Date acquired Total checkouts Full call number Barcode Date last seen Copy number Price effective from Koha item type
        Naharkatiya College Library Naharkatiya College Library General stacks 09/19/2020   510 | CHA 24675 09/19/2020 1 09/19/2020 Books